[Event "Vellmar op 10th"]
[Site "Vellmar"]
[Date "2018.07.15"]
[Round "7"]
[White "Hofschlag, Dirk"]
[Black "Krausse, Eckhard"]
[Result "1/2-1/2"]
[WhiteElo "1708"]
[BlackElo "1974"]
[PlyCount "92"]
[EventDate "2018.07.12"]
[EventType "swiss"]
[EventRounds "7"]
[EventCountry "GER"]
[SourceTitle "CBM 185 Extra"]
[Source "ChessBase"]
[SourceDate "2018.07.29"]
[SourceVersion "1"]
[SourceVersionDate "2018.07.29"]
[SourceQuality "1"]

1. b3 d5 2. Bb2 c5 3. e3 Nc6 4. d3 Nf6 5. Nc3 e5 6. Nce2 Bd6 7. Qd2 0-0 8. Nh3 b5 9. a3 Bb7 10. Ng3 a5 11. c4 Ba6 12. cxd5 Nxd5 13. Be2 Rc8 14. 0-0 Nce7 15. Rac1 Ng6 16. Ne4 Be7 17. d4 cxd4 18. Rxc8 Qxc8 19. exd4 Ndf4 20. Nxf4 Nxf4 21. Rc1 Qf5 22. Ng3 Qg5 23. Qxa5 Bb7 24. Bf1 e4 25. Qxb5 Bd5 26. Qd7 e3 27. fxe3 Nxg2 28. Bxg2 Qxe3+ 29. Kh1 Bxg2+ 30. Kxg2 Qd2+ 31. Kh3 Qxb2 32. Rc7 Bxa3 33. Rb7 Qc3 34. Kg2 Qd2+ 35. Kh3 Qh6+ 36. Kg2 Qg5 37. Kh3 h5 38. Rb5 Rd8 39. Rxg5 Rxd7 40. d5 Rb7 41. Nxh5 Rxb3+ 42. Rg3 Rxg3+ 43. Nxg3 Kf8 44. Kg4 Ke7 45. Kf5 Bd6 46. Kg5 g6 1/2-1/2

[Event "Lippe Cup-B 08th"]
[Site "Lieme"]
[Date "2011.10.30"]
[Round "4"]
[White "Hoffmann, Michael3333"]
[Black "Hofschlag, Dirk"]
[Result "1/2-1/2"]
[WhiteElo "1455"]
[BlackElo "1549"]
[PlyCount "99"]
[EventDate "2011.10.28"]
[EventType "swiss"]
[EventRounds "5"]
[EventCountry "GER"]
[SourceTitle "EXT 2012"]
[Source "ChessBase"]
[SourceDate "2011.11.24"]
[SourceVersion "1"]
[SourceVersionDate "2011.11.24"]
[SourceQuality "1"]

1. d4 c6 2. e4 Na6 3. Nc3 b6 4. Nf3 Bb7 5. Bf4 Nf6 6. e5 Nh5 7. Be3 g6 8. Bc4 d5 9. Be2 Nc7 10. Ng5 Ng7 11. f4 Bc8 12. Bd3 Ba6 13. Bxa6 Nxa6 14. Qe2 Nc7 15. g4 h5 16. 0-0-0 hxg4 17. Qxg4 Qc8 18. Qg2 Nce6 19. Nxe6 Qxe6 20. Ne2 Qd7 21. Ng3 e6 22. Qe2 0-0-0 23. c4 Kb8 24. Kb1 Be7 25. Qc2 Qb7 26. Rc1 Rc8 27. Qa4 Bh4 28. cxd5 b5 29. dxc6 Rxc6 30. Qb4 Bxg3 31. hxg3 Rxc1+ 32. Rxc1 Nf5 33. Bf2 a6 34. g4 Ne7 35. Qd6+ Ka8 36. a3 Nd5 37. Rc6 Ka7 38. Ka2 Rc8 39. Qc5+ Kb8 40. Qd6+ Ka7 41. Qc5+ Nb6 42. Rxb6 Qxb6 43. Qxc8 b4 44. Qc5 b3+ 45. Kb1 a5 46. Kc1 a4 47. Kd2 g5 48. fxg5 f6 49. gxf6 Ka8 50. Qxb6 1/2-1/2

[Event "Lippe Cup-B 08th"]
[Site "Lieme"]
[Date "2011.10.29"]
[Round "2"]
[White "Jackl, Christian"]
[Black "Hofschlag, Dirk"]
[Result "1-0"]
[WhiteElo "1707"]
[BlackElo "1549"]
[PlyCount "73"]
[EventDate "2011.10.28"]
[EventType "swiss"]
[EventRounds "5"]
[EventCountry "GER"]
[SourceTitle "EXT 2012"]
[Source "ChessBase"]
[SourceDate "2011.11.24"]
[SourceVersion "1"]
[SourceVersionDate "2011.11.24"]
[SourceQuality "1"]

1. d4 c6 2. Nf3 Na6 3. e4 d6 4. Bd3 g6 5. c3 b6 6. Qe2 Nc7 7. 0-0 Bg7 8. e5 d5 9. Ng5 Ne6 10. Nxe6 Bxe6 11. f4 Qc8 12. Nd2 Bf5 13. Ba6 Qc7 14. a4 h5 15. Nf3 Nh6 16. h3 Bc8 17. Bd3 Bf5 18. Nh4 Bxd3 19. Qxd3 e6 20. b3 0-0 21. Ba3 Rfd8 22. Qe2 Nf5 23. Nxf5 exf5 24. g4 hxg4 25. hxg4 Qc8 26. g5 Bf8 27. Bxf8 Kxf8 28. Rae1 Ke7 29. Kg2 Rh8 30. Rh1 Qd7 31. e6 fxe6 32. Qe5 Rh5 33. Qf6+ Kd6 34. Qxg6 Rxh1 35. Rxh1 Re8 36. Qf6 Qb7 37. Qe5+ 1-0

[Event "Lippe Cup-B 07th"]
[Site "Lieme"]
[Date "2010.10.17"]
[Round "5"]
[White "Hofschlag, Dirk"]
[Black "Nolte, Wilhelm"]
[Result "0-1"]
[WhiteElo "1516"]
[BlackElo "1643"]
[PlyCount "92"]
[EventDate "2010.10.15"]
[EventType "swiss"]
[EventRounds "5"]
[EventCountry "GER"]
[SourceTitle "EXT 2012"]
[Source "ChessBase"]
[SourceDate "2011.11.24"]
[SourceVersion "1"]
[SourceVersionDate "2011.11.24"]
[SourceQuality "1"]

1. d4 d5 2. Nf3 e6 3. g3 c5 4. Bg2 Nc6 5. e3 Nf6 6. 0-0 Be7 7. b3 0-0 8. Ba3 b6 9. Qd3 Nb4 10. Qd1 Ba6 11. Re1 Rc8 12. Bxb4 cxb4 13. Bf1 Bxf1 14. Kxf1 Ne4 15. Nfd2 Nd6 16. Re2 Nb5 17. f4 f6 18. Nf3 Kh8 19. Qd3 Nc3 20. Nxc3 Rxc3 21. Qd2 Qd7 22. Kg1 Rfc8 23. Rc1 a5 24. Qe1 a4 25. Qf2 Qc6 26. Ne1 axb3 27. axb3 Rxb3 28. Ra1 Ra3 29. Rb1 Rca8 30. Kg2 Ra1 31. Rb3 R8a3 32. Rd3 h6 33. h4 Rc3 34. Red2 Qc4 35. Rd1 Rxd1 36. Rxd1 b3 37. Ra1 b2 38. Rb1 Qa2 39. Qd2 Bb4 40. Qd1 Rxe3 41. Nd3 Bc3 42. Nf2 Re1 43. Qd3 Qxb1 44. Qg6 Re2 45. Qe8+ Kh7 46. h5 Rxf2+ 0-1

[Event "Lippe Cup 04th"]
[Site "Lieme"]
[Date "2007.09.29"]
[Round "2"]
[White "Kirchner, Martin"]
[Black "Hofschlag, Dirk"]
[Result "0-1"]
[WhiteElo "1360"]
[BlackElo "1558"]
[PlyCount "102"]
[EventDate "2007.09.28"]
[EventType "swiss"]
[EventRounds "5"]
[EventCountry "GER"]
[SourceTitle "EXT 2012"]
[Source "ChessBase"]
[SourceDate "2011.11.24"]
[SourceVersion "1"]
[SourceVersionDate "2011.11.24"]
[SourceQuality "1"]

1. e4 b6 2. d4 e6 3. Nc3 Bb7 4. a3 g6 5. Bd3 Bg7 6. Nge2 d5 7. exd5 exd5 8. Bb5+ c6 9. Ba4 a5 10. Ng3 Ba6 11. Nce2 Bxe2 12. Nxe2 b5 13. Bb3 a4 14. Ba2 Nf6 15. c3 0-0 16. 0-0 Re8 17. Ng3 h6 18. Bb1 Qd6 19. Bc2 Nbd7 20. Qf3 Re6 21. Bf4 Qf8 22. Rae1 Rae8 23. Rxe6 Rxe6 24. Qd1 Qe8 25. Bd2 Nb6 26. Re1 Rxe1+ 27. Bxe1 Nc4 28. Qb1 Nxb2 29. Qxb2 Qxe1+ 30. Nf1 Ne4 31. Bxe4 Qxe4 32. Ne3 Bf8 33. Nc2 Qe2 34. Qc1 Bd6 35. Nb4 Qc4 36. Qe3 Bf8 37. g3 c5 38. dxc5 Qxc5 39. Qxc5 Bxc5 40. Kf1 Bxb4 41. cxb4 Kg7 42. Ke2 Kf6 43. Kd3 g5 44. Kd4 Ke6 45. f3 f5 46. h3 f4 47. gxf4 gxf4 48. h4 h5 49. Kd3 Ke5 50. Kc3 d4+ 51. Kd3 Kd5 0-1

[Event "Lippe Cup 03rd"]
[Site "Lieme"]
[Date "2006.10.07"]
[Round "2"]
[White "Hinse, Christopher"]
[Black "Hofschlag, Dirk"]
[Result "0-1"]
[WhiteElo "1072"]
[BlackElo "1615"]
[PlyCount "118"]
[EventDate "2006.10.06"]
[EventType "swiss"]
[EventRounds "5"]
[EventCountry "GER"]
[SourceTitle "EXT 2012"]
[Source "ChessBase"]
[SourceDate "2011.11.24"]
[SourceVersion "1"]
[SourceVersionDate "2011.11.24"]
[SourceQuality "1"]

1. b3 c5 2. Bb2 d5 3. e3 Nc6 4. Be2 e5 5. Nf3 e4 6. Ne5 Qg5 7. Ng4 h5 8. h4 Qg6 9. Nc3 Nge7 10. Nb5 Bxg4 11. Nc7+ Kd8 12. Nxa8 Kc8 13. Bxg4+ Qxg4 14. Qxg4+ hxg4 15. h5 Rh7 16. 0-0-0 b5 17. Rdf1 Kb7 18. f3 gxf3 19. gxf3 exf3 20. Rxf3 f6 21. Rfh3 d4 22. e4 Ne5 23. Rh4 b4 24. a3 a5 25. axb4 axb4 26. Kd1 Kxa8 27. Ke2 Kb7 28. Bc1 N7c6 29. d3 Be7 30. h6 g5 31. Rh5 Kc7 32. Bd2 Nf7 33. Be1 Bd6 34. Rf1 Bf4 35. Kf3 Nce5+ 36. Kg2 Rxh6 37. Rxh6 Nxh6 38. Bg3 Bxg3 39. Kxg3 Nd7 40. Rh1 Nf7 41. Kg4 Nfe5+ 42. Kg3 Kd6 43. Ra1 Ke6 44. Ra6+ Kf7 45. Ra7 Kg6 46. Ra6 Kh5 47. Ra8 Kg6 48. Rg8+ Kf7 49. Rc8 f5 50. exf5 Kf6 51. Rh8 Kxf5 52. Rh1 Nf6 53. Ra1 Ned7 54. Ra7 Nh5+ 55. Kf3 Ne5+ 56. Kf2 Nf4 57. Rc7 Ne6 58. Rc8 Ng4+ 59. Kf3 Ne3 0-1

[Event "Lippe Cup 02nd"]
[Site "Lieme"]
[Date "2005.10.08"]
[Round "2"]
[White "Eichenhofer, Karsten"]
[Black "Hofschlag, Dirk"]
[Result "1-0"]
[WhiteElo "1458"]
[BlackElo "1656"]
[PlyCount "57"]
[EventDate "2005.10.07"]
[EventType "swiss"]
[EventRounds "5"]
[EventCountry "GER"]
[SourceTitle "EXT 2012"]
[Source "ChessBase"]
[SourceDate "2011.11.24"]
[SourceVersion "1"]
[SourceVersionDate "2011.11.24"]
[SourceQuality "1"]

1. e4 c6 2. d4 d5 3. e5 Bf5 4. Bd3 Bxd3 5. Qxd3 e6 6. f4 g6 7. Nf3 Qb6 8. b3 Qa6 9. c4 b5 10. c5 Qb7 11. b4 a5 12. bxa5 Rxa5 13. Bd2 Ra7 14. Nc3 Na6 15. 0-0 h5 16. Rfb1 Qa8 17. a4 Nc7 18. Rb4 Rb7 19. Qb1 Qb8 20. axb5 Nxb5 21. Ra5 Nd6 22. Nxd5 cxd5 23. exd6 Rxb4 24. Qxb4 Qxb4 25. Bxb4 Nf6 26. Ne5 Be7 27. Ra8+ Bd8 28. Ba5 0-0 29. Rxd8 1-0

[Event "Lippe Cup 02nd"]
[Site "Lieme"]
[Date "2005.10.07"]
[Round "1"]
[White "Hofschlag, Dirk"]
[Black "Bergmann, Michaela"]
[Result "1-0"]
[WhiteElo "1656"]
[BlackElo "1277"]
[PlyCount "104"]
[EventDate "2005.10.07"]
[EventType "swiss"]
[EventRounds "5"]
[EventCountry "GER"]
[SourceTitle "EXT 2012"]
[Source "ChessBase"]
[SourceDate "2011.11.24"]
[SourceVersion "1"]
[SourceVersionDate "2011.11.24"]
[SourceQuality "1"]

1. Nf3 Nf6 2. d4 e6 3. Bg5 d5 4. Ne5 Nbd7 5. e3 Be7 6. Nd2 0-0 7. f4 c5 8. c3 cxd4 9. Nxd7 Nxd7 10. Bxe7 Qxe7 11. cxd4 a6 12. Bd3 Qh4+ 13. g3 Qh3 14. Qe2 Nf6 15. Qf1 Qxf1+ 16. Kxf1 Bd7 17. a4 Rac8 18. Ke2 Rc7 19. h3 Rfc8 20. Rhb1 b5 21. a5 Ne8 22. Nb3 Nd6 23. Nc5 Ra7 24. g4 Be8 25. b4 Nc4 26. Rh1 Bd7 27. g5 Kf8 28. h4 g6 29. h5 Kg7 30. Rh2 Nd6 31. Rah1 Rh8 32. Rc1 Rc8 33. Rc2 Nc4 34. Kf3 Rcc7 35. Bf1 Be8 36. Nd3 Nd6 37. Ne5 Rxc2 38. Rxc2 Nc4 39. h6+ Kf8 40. Ng4 Rc7 41. Kf2 Kg8 42. Nf6+ Kh8 43. Bd3 Bd7 44. Ke2 Rc8 45. Bxc4 Rxc4 46. Rxc4 dxc4 47. e4 Bc8 48. Kd2 Bb7 49. d5 exd5 50. exd5 Bxd5 51. Nxd5 f5 52. gxf6 Kg8 1-0